| 000 | 00407nam a2200133 a 4500 | ||
|---|---|---|---|
| 001 | 000036500 | ||
| 005 | 20200930075751.0 | ||
| 008 | 120119s1965 fr abd 000 0 spa d | ||
| 040 |
_aDO-SdBNP _bspa _cBNPHU |
||
| 082 |
_axxxx _bA786e |
||
| 245 | 0 | 3 |
_aEl arte de la escritura : _bexposición compuesta de cincuenta paneles. |
| 260 |
_aParís : _bUNESCO, _c1965. |
||
| 300 |
_a50 p. : _bil., mapas, diagrs. ; _c22 cm. |
||
| 999 |
_c35991 _d35991 |
||